000 00514nam a2200217Ia 4500
003 OSt
005 20220924134401.0
006 a|||||r|||| 00| 0
007 ta
008 220923b |||||||| |||| 00| 0 snd d
024 _a273982
037 _cTextual
040 _aARTS
_cARTS
_bsnd
041 _2snd
_asnd
082 _aQz7, 1593J9
100 _aSharma
_9101321
245 0 _aBhakti ain Shakti
260 _c1959
942 _hQz7, 1593J9
_cTEXL
_2CC
999 _c437325
_d437325